Beginning with the word : (Record no. 8449)

MARC details
000 -LEADER
fixed length control field 00793nam a22002297a 4500
003 - CONTROL NUMBER IDENTIFIER
control field GBCCL
005 - DATE AND TIME OF LATEST TRANSACTION
control field 20241126110651.0
008 - FIXED-LENGTH DATA ELEMENTS--GENERAL INFORMATION
fixed length control field 210219b ||||| |||| 00| 0 eng d
020 ## - INTERNATIONAL STANDARD BOOK NUMBER
International Standard Book Number 9780801027260 (pbk.)
020 ## - INTERNATIONAL STANDARD BOOK NUMBER
International Standard Book Number 0801027268 (pbk.)
040 ## - CATALOGING SOURCE
Transcribing agency gbc
082 ## - DEWEY DECIMAL CLASSIFICATION NUMBER
Classification number 801
Item number LUN
100 ## - MAIN ENTRY--PERSONAL NAME
Personal name Lundin, Roger.
9 (RLIN) 14805
245 ## - TITLE STATEMENT
Title Beginning with the word :
Remainder of title modern literature and the question of belief /
Statement of responsibility, etc. Roger Lundin.
260 ## - PUBLICATION, DISTRIBUTION, ETC.
Place of publication, distribution, etc. Grand Rapids, Michigan :
Name of publisher, distributor, etc. Baker Academic, a division of Baker Publishing Group,
Date of publication, distribution, etc. [2014]
300 ## - PHYSICAL DESCRIPTION
Extent x, 261 pages ;
Other physical details 23 cm.
440 ## - SERIES STATEMENT/ADDED ENTRY--TITLE
Title Cultural exegesis
9 (RLIN) 14806
504 ## - BIBLIOGRAPHY, ETC. NOTE
Bibliography, etc. note Includes bibliographical references (pages 249-251) and index.
650 ## - SUBJECT ADDED ENTRY--TOPICAL TERM
Topical term or geographic name entry element Religion and literature.
9 (RLIN) 14807
650 ## - SUBJECT ADDED ENTRY--TOPICAL TERM
Topical term or geographic name entry element Literature and morals.
9 (RLIN) 14808
942 ## - ADDED ENTRY ELEMENTS (KOHA)
Source of classification or shelving scheme Dewey Decimal Classification
Koha item type Books
Holdings
Withdrawn status Lost status Source of classification or shelving scheme Damaged status Not for loan Home library Current Library Shelving location Date acquired Total checkouts Full call number Barcode Date last seen Copy number Price effective from Koha item type
    Dewey Decimal Classification     GRACE BIBLE COLLEGE GRACE BIBLE COLLEGE General Studies 2021-02-19   801 LUN 020090 2025-05-01 c.1 2021-02-19 Books
© Grace Bible College Library 2025